000 00434nam a2200169Ia 4500
008 231217s9999 xx 000 0 und d
020 _a8178810719
041 _aEnglish
082 _a658.827 DAS;1
100 _aDas, Naveen ed.
245 0 _aBrand management : perspectives and practices
250 _a1st ed.
260 _c2004
_bIcfai
_aHyderabad
300 _ax, 188
650 _aBrand,management,practices
942 _cAA
999 _c186828
_d186828